[Event "Campionatele Nationale pe echipe-Superl"]
[Site "Mamaia"]
[Date "2015.10.11"]
[Round "9.6"]
[White "Stoleriu , George"]
[Black "Doros, Radu Marian"]
[Result "1/2-1/2"]
[WhiteElo "2227"]
[BlackElo "2317"]
[PlyCount "82"]
[EventDate "2015.10.03"]
[EventType "team"]
[EventRounds "9"]
[WhiteTeam "CS POLITEHNICA-ANTIBIOTICE IASI"]
[BlackTeam "CS STUDENTESC MEDICINA TIMISOARA"]

1. e4 c5 2. Nc3 Nc6 3. Bb5 Nd4 4. Bc4 e6 5. Nge2 a6 6. d3 b5 7. Bb3 Nxb3 8.
axb3 b4 9. Na4 d6 10. O-O Nf6 11. Ng3 Be7 12. Be3 Qc7 13. d4 Bb7 14. dxc5 dxc5
15. f3 O-O 16. Qe2 Nd7 17. Rfd1 Rfd8 18. Qf2 Qc6 19. Nf1 c4 20. Nd2 cxb3 21.
Nxb3 Qb5 22. Nd4 Qe5 23. b3 f5 24. exf5 exf5 25. Nb2 f4 26. Bc1 Bc5 27. Nc4 Qf6
28. Bb2 Nf8 29. Kh1 Rd5 30. Na5 Bc8 31. Qf1 Rxd4 32. Bxd4 Bxd4 33. Qc4+ Ne6 34.
Ra4 Bc5 35. Nc6 Bf8 36. Nxb4 Bb7 37. Re1 Rd8 38. Nd3 Bd5 39. Qxa6 Rd6 40. Qa7
Qc3 41. Qf2 Bxb3 1/2-1/2

[Event "Eurogiov U14"]
[Site "Porec CRO"]
[Date "2015.09.21"]
[Round "1.21"]
[White "Klingher, Dominic"]
[Black "Stoleriu , George"]
[Result "0-1"]
[WhiteElo "1829"]
[BlackElo "2227"]
[PlyCount "46"]
[EventDate "2015.09.21"]

1. e4 e6 2. d4 d5 3. Nc3 dxe4 4. f3 Bb4 5. Be3 Nf6 6. a3 Bxc3+ 7. bxc3 Nd5 8.
Qd2 b6 9. Bg5 f6 10. fxe4 fxg5 11. exd5 exd5 12. Nf3 g4 13. Ne5 O-O 14. c4 Ba6
15. cxd5 Qxd5 16. Nxg4 Qe4+ 17. Ne3 Re8 18. Bxa6 Nxa6 19. Kf2 Rad8 20. c3 Nc5
21. Rad1 Qf4+ 22. Ke2 Qg4+ 23. Kf1 Rxe3 0-1

[Event "Eurogiov U14"]
[Site "Porec CRO"]
[Date "2015.09.23"]
[Round "3.1"]
[White "Stoleriu , George"]
[Black "Lobanov, Sergei"]
[Result "1/2-1/2"]
[WhiteElo "2227"]
[BlackElo "2394"]
[PlyCount "112"]
[EventDate "2015.09.21"]

1. e4 c5 2. Nc3 Nc6 3. Bb5 Nd4 4. Bc4 e6 5. Nge2 Nf6 6. O-O a6 7. d3 Qc7 8. a4
b6 9. Bf4 Bd6 10. Bxd6 Qxd6 11. Nxd4 cxd4 12. Ne2 Bb7 13. Qd2 O-O 14. h3 Qc5
15. Bb3 e5 16. Ng3 d5 17. Nf5 h6 18. f3 Nh5 19. Rae1 Rae8 20. Qf2 Bc8 21. Qh4
Bxf5 22. Qxh5 Bg6 23. Qg4 Kh7 24. exd5 f5 25. Qg3 e4 26. fxe4 fxe4 27. Rxf8
Rxf8 28. Kh2 e3 29. c3 dxc3 30. bxc3 Qxc3 31. Bc4 Bxd3 32. Bxd3+ Qxd3 33. Qxe3
Qxd5 34. Qxb6 Qd2 35. Qe3 Qxe3 36. Rxe3 Rf4 37. a5 Rf5 38. Ra3 Kg6 39. Kg3 Rg5+
40. Kf3 Kf6 41. g4 Ke6 42. Kf4 Re5 43. h4 g5+ 44. Kg3 Kd5 45. Rf3 Kd4 46. Rf6
Rxa5 47. Rxh6 Ra3+ 48. Kf2 gxh4 49. Rxh4 Ke4 50. Rh8 a5 51. g5 Ra2+ 52. Ke1 Rg2
53. Rg8 a4 54. Ra8 Ke3 55. Kf1 Rg4 56. g6 Rxg6 1/2-1/2

[Event "Eurogiov U14"]
[Site "Porec CRO"]
[Date "2015.09.24"]
[Round "4.2"]
[White "Radovanovic, Mihajlo"]
[Black "Stoleriu , George"]
[Result "1/2-1/2"]
[WhiteElo "2421"]
[BlackElo "2227"]
[PlyCount "90"]
[EventDate "2015.09.21"]

1. Nf3 Nf6 2. c4 e6 3. g3 b6 4. Bg2 Bb7 5. O-O c5 6. Nc3 Be7 7. Re1 d6 8. e4
Nbd7 9. d4 O-O 10. e5 Ne8 11. d5 dxe5 12. dxe6 fxe6 13. Nxe5 Nxe5 14. Bxb7 Qxd1
15. Nxd1 Rd8 16. Bf4 Nxc4 17. Rxe6 Bf6 18. Rb1 g5 19. Ba6 Nxb2 20. Nxb2 gxf4
21. Bc4 Kh8 22. Nd3 fxg3 23. hxg3 Rd4 24. Rbe1 Rxc4 25. Rxe8 Rxe8 26. Rxe8+ Kg7
27. Re2 Rd4 28. Nf4 Kf7 29. Kg2 Rb4 30. Nd5 Rb2 31. Re4 Bd4 32. Re7+ Kg6 33.
Rxa7 Rxf2+ 34. Kh3 c4 35. Rc7 Bc5 36. a4 Rf5 37. Rc6+ Kf7 38. Nc3 Re5 39. Kg4
Bb4 40. Rxc4 Bxc3 41. Rxc3 Re4+ 42. Kf5 Rxa4 43. Rc7+ Kg8 44. Rc8+ Kg7 45. Rc7+
Kg8 1/2-1/2

[Event "Eurogiov U14"]
[Site "Porec CRO"]
[Date "2015.09.25"]
[Round "5.9"]
[White "Stoleriu , George"]
[Black "Kaasen, Tor Fredrik"]
[Result "0-1"]
[WhiteElo "2227"]
[BlackElo "2071"]
[PlyCount "104"]
[EventDate "2015.09.21"]

1. e4 e6 2. d4 d5 3. Nc3 Nf6 4. e5 Nfd7 5. f4 c5 6. Nf3 Nc6 7. Be3 a6 8. Qd2 b5
9. a3 Qa5 10. Rd1 b4 11. axb4 Qxb4 12. b3 Bb7 13. Be2 Rc8 14. Na4 cxd4 15. Bxd4
Nxd4 16. Nxd4 Nb6 17. c3 Qa5 18. Nxb6 Qxb6 19. O-O Be7 20. Kh1 O-O 21. f5 exf5
22. Nxf5 Rc7 23. Rf3 Qe6 24. Bd3 Rfc8 25. Rh3 Qxe5 26. Re1 Qf6 27. Nxe7+ Rxe7
28. Rxe7 Qxe7 29. Bxh7+ Kf8 30. Bf5 Kg8 31. Bxc8 Bxc8 32. Re3 Qf6 33. Re8+ Kh7
34. Qe2 Bg4 35. Qd3+ g6 36. h3 Bd7 37. Re1 Bc6 38. Qd4 Qd6 39. Qe5 Qd7 40. Qf6
d4 41. Qh4+ Kg8 42. cxd4 Qd5 43. Qg4 Bd7 44. Qf3 Qxd4 45. Rd1 Qa7 46. Qf6 Be8
47. Re1 Qa8 48. Re7 Qc8 49. h4 Kf8 50. Re5 Kg8 51. h5 Bc6 52. hxg6 Qh3+ 0-1

[Event "Eurogiov U14"]
[Site "Porec CRO"]
[Date "2015.09.28"]
[Round "7.19"]
[White "Stoleriu , George"]
[Black "Kotau, Arseni"]
[Result "1-0"]
[WhiteElo "2227"]
[BlackElo "1920"]
[PlyCount "83"]
[EventDate "2015.09.21"]

1. e4 c5 2. Nc3 Nc6 3. Bb5 e6 4. Bxc6 bxc6 5. f4 d5 6. d3 Nf6 7. e5 Nd7 8. Nf3
Ba6 9. O-O Be7 10. Kh1 c4 11. d4 g6 12. Qe1 c5 13. Be3 Rb8 14. Rb1 Qc7 15. Qg3
cxd4 16. Bxd4 Nc5 17. Rfe1 Qc6 18. Bf2 Rb7 19. Nd4 Qd7 20. Qg4 h5 21. Qh3 Rg8
22. b4 Na4 23. Nxa4 Qxa4 24. c3 Bb5 25. Bh4 a6 26. Bxe7 Rxe7 27. Qf3 Rb7 28.
Re2 Ke7 29. g4 hxg4 30. Qxg4 Rbb8 31. Qg5+ Kd7 32. Qf6 Rbf8 33. Rd2 Bc6 34. b5
Bxb5 35. Rdb2 Qa3 36. Nxb5 axb5 37. Rxb5 Rh8 38. Rxd5+ Kc6 39. Rd6+ Kc5 40. Qe7
Rxh2+ 41. Kxh2 Rh8+ 42. Kg1 1-0

[Event "Eurogiov U14"]
[Site "Porec CRO"]
[Date "2015.09.29"]
[Round "8.17"]
[White "Hallman, Valo"]
[Black "Stoleriu , George"]
[Result "1/2-1/2"]
[WhiteElo "2013"]
[BlackElo "2227"]
[PlyCount "79"]
[EventDate "2015.09.21"]

1. Nf3 Nf6 2. c4 e6 3. d4 Bb4+ 4. Nbd2 O-O 5. a3 Bxd2+ 6. Bxd2 d6 7. e3 Qe7 8.
Qc2 e5 9. dxe5 dxe5 10. Bc3 Nbd7 11. Be2 b6 12. Qf5 Re8 13. O-O e4 14. Nd2 Nc5
15. Qg5 Bb7 16. b4 Na4 17. Bxf6 Qxf6 18. Qxf6 gxf6 19. Rac1 c5 20. Nb3 Red8 21.
Rc2 Bc8 22. Rd1 Be6 23. Rxd8+ Rxd8 24. Kf1 Rb8 25. Ke1 cxb4 26. axb4 b5 27. Nd4
Bxc4 28. Bxc4 bxc4 29. Nc6 Rb6 30. Rxc4 Nb2 31. Rc2 Nd3+ 32. Ke2 Nxb4 33. Nxb4
Rxb4 34. Ra2 Rb7 35. g4 Kg7 36. f3 exf3+ 37. Kxf3 Kg6 38. Ra5 Rb2 39. h3 Rb7
40. Kf4 1/2-1/2

[Event "Eurogiov U14"]
[Site "Porec CRO"]
[Date "2015.09.30"]
[Round "9.16"]
[White "Stoleriu , George"]
[Black "Khvadagiani, Nika"]
[Result "1-0"]
[WhiteElo "2227"]
[BlackElo "1869"]
[PlyCount "103"]
[EventDate "2015.09.21"]

1. e4 e5 2. Nf3 Nc6 3. Bb5 a6 4. Ba4 b5 5. Bb3 Nf6 6. d3 Be7 7. O-O O-O 8. Re1
d6 9. c3 Na5 10. Bc2 c5 11. Nbd2 Qc7 12. Nf1 h6 13. Ng3 Be6 14. h3 Rac8 15. Nh2
d5 16. Ng4 Nxg4 17. hxg4 Bh4 18. Nf5 Bg5 19. g3 dxe4 20. dxe4 Bxf5 21. gxf5
Bxc1 22. Qxc1 Qe7 23. f4 Rcd8 24. fxe5 Qxe5 25. Qf4 Nc4 26. Qxe5 Nxe5 27. Re2
Rd6 28. Rd1 Rxd1+ 29. Bxd1 Rd8 30. Bc2 Nc4 31. Bb3 Ne5 32. Bd5 Kf8 33. Kf2 Ke7
34. Ke3 a5 35. b3 Rd6 36. a3 g6 37. b4 cxb4 38. cxb4 axb4 39. axb4 Nc6 40. Rc2
Nxb4 41. Rc7+ Rd7 42. f6+ Kd6 43. Rxd7+ Kxd7 44. Bxf7 Nc6 45. Kf4 Nd8 46. Bxg6
Ke6 47. e5 b4 48. Bc2 Kf7 49. Kf5 Nc6 50. e6+ Kf8 51. e7+ Kf7 52. Ba4 1-0

[Event "8th Arad Open 2015"]
[Site "Arad ROU"]
[Date "2015.08.07"]
[Round "2.8"]
[White "Stoleriu , George"]
[Black "Nevednichy, Vladislav"]
[Result "0-1"]
[WhiteElo "2275"]
[BlackElo "2549"]
[PlyCount "102"]
[EventDate "2015.08.06"]

1. e4 c5 2. Nc3 Nc6 3. Bb5 Nd4 4. Bc4 e6 5. Nge2 a6 6. d3 b5 7. Bb3 Nxb3 8.
axb3 Bb7 9. O-O h5 10. Be3 Nf6 11. h3 d5 12. e5 d4 13. exf6 gxf6 14. Ne4 dxe3
15. fxe3 f5 16. Nd2 Bh6 17. Nf4 e5 18. Qxh5 exf4 19. Qxf5 Qg5 20. Qxg5 Bxg5 21.
exf4 Bf6 22. Rfe1+ Kf8 23. c3 Rd8 24. Ne4 Be7 25. Red1 Rh4 26. Kf2 Bxe4 27.
dxe4 Rxf4+ 28. Ke3 Rxd1 29. Rxd1 Bg5 30. Rd5 Bh6 31. g3 Rf1+ 32. Kd3 Rf2 33. e5
Rxb2 34. Rxc5 Rxb3 35. Rc6 Bg7 36. Rxa6 Bxe5 37. Ra8+ Kg7 38. g4 Rxc3+ 39. Ke4
Bf6 40. Rb8 Rc4+ 41. Kf5 Rc5+ 42. Ke4 Bh4 43. Rb7 Be1 44. Kd4 Rg5 45. Ke4 b4
46. Kf4 Rc5 47. h4 Rc4+ 48. Kg5 Bd2+ 49. Kh5 Re4 50. g5 Be1 51. g6 Re5+ 0-1

[Event "8th Arad Open 2015"]
[Site "Arad ROU"]
[Date "2015.08.08"]
[Round "4.20"]
[White "Stoleriu , George"]
[Black "Bonte, Arghir"]
[Result "1-0"]
[WhiteElo "2275"]
[BlackElo "1936"]
[PlyCount "95"]
[EventDate "2015.08.06"]

1. f4 Nf6 2. b3 d5 3. Bb2 c5 4. e3 Nc6 5. Bb5 Bd7 6. Nf3 e6 7. O-O Be7 8. d3 a6
9. Bxc6 Bxc6 10. Ne5 Qb6 11. Nd2 O-O 12. Qe2 g6 13. Ndf3 Be8 14. g4 h5 15. h3
a5 16. a4 Rc8 17. Kh1 c4 18. dxc4 dxc4 19. Nxc4 Rxc4 20. Qxc4 Qxe3 21. Rae1 Qb6
22. Qc3 hxg4 23. hxg4 Qc6 24. Qe5 Qd5 25. c4 Qxe5 26. Nxe5 Bd6 27. g5 Bxe5 28.
Bxe5 Bc6+ 29. Kh2 Ne4 30. Rd1 f6 31. Bxf6 Nxf6 32. gxf6 Kf7 33. Rfe1 Kxf6 34.
Re5 Bf3 35. Rd6 Bg4 36. Rxa5 Ke7 37. Rd4 Rh8+ 38. Kg3 Bf5 39. Rb5 Rh3+ 40. Kg2
Rc3 41. Rxb7+ Kf6 42. a5 g5 43. fxg5+ Kxg5 44. Rb5 Kf6 45. a6 Rc2+ 46. Kf3 Ra2
47. Rd6 Ke7 48. Rdb6 1-0

[Event "8th Arad Open 2015"]
[Site "Arad ROU"]
[Date "2015.08.09"]
[Round "6.14"]
[White "Doncea, Vladimir"]
[Black "Stoleriu , George"]
[Result "1/2-1/2"]
[WhiteElo "2423"]
[BlackElo "2275"]
[PlyCount "102"]
[EventDate "2015.08.06"]

1. d4 e6 2. Nf3 Nf6 3. g3 b5 4. Qd3 b4 5. a3 bxa3 6. b3 a2 7. Rxa2 d5 8. Ne5 c6
9. Bg2 Bd6 10. O-O O-O 11. Nd2 Nbd7 12. Nxd7 Nxd7 13. Ba3 Bxa3 14. Rxa3 f5 15.
Rfa1 Qc7 16. Qe3 Re8 17. c4 Nf6 18. Nf3 Ng4 19. Qc3 Re7 20. Qb4 a6 21. Qc5 Bb7
22. e3 Nf6 23. Qb4 Ne4 24. c5 Ree8 25. Ne5 Reb8 26. f3 Bc8 27. Qa5 Qxa5 28.
Rxa5 Nd2 29. Nxc6 Rxb3 30. Ne7+ Kf7 31. Nxc8 Rxc8 32. Rxa6 Rxe3 33. Ra7+ Kf6
34. Rb7 Rb3 35. Rd7 Nxf3+ 36. Bxf3 Rxf3 37. Rd6 Rd3 38. Re1 Rxd4 39. Rexe6+ Kf7
40. c6 Re4 41. Rxe4 dxe4 42. Rd7+ Kf6 43. c7 h6 44. Kf2 g5 45. Ke3 Ke5 46. Rh7
f4+ 47. gxf4+ gxf4+ 48. Ke2 f3+ 49. Ke3 Kd6 50. Kxe4 Rxc7 51. Rxh6+ Ke7 1/2-1/2

[Event "8th Arad Open 2015"]
[Site "Arad ROU"]
[Date "2015.08.10"]
[Round "7.18"]
[White "Stoleriu , George"]
[Black "Iordachescu, Viorel"]
[Result "0-1"]
[WhiteElo "2275"]
[BlackElo "2589"]
[PlyCount "66"]
[EventDate "2015.08.06"]

1. e4 g6 2. Nc3 Bg7 3. d4 c6 4. Nf3 d6 5. Bd3 Bg4 6. Be3 Nd7 7. O-O Ngf6 8. a4
O-O 9. a5 e5 10. a6 b5 11. d5 cxd5 12. Nxd5 Nxd5 13. exd5 f5 14. Be2 f4 15. Bd2
e4 16. Ba5 exf3 17. gxf3 Qh4 18. fxg4 f3 19. Bxf3 Be5 20. Re1 Qxh2+ 21. Kf1
Qh3+ 22. Bg2 Rxf2+ 23. Kxf2 Rf8+ 24. Bf3 Bg3+ 25. Ke3 Bxe1 26. Bxe1 Ne5 27. Ke2
Qxf3+ 28. Kd2 Qf4+ 29. Ke2 Qe4+ 30. Kd2 Nc4+ 31. Kc3 Rf3+ 32. Kb4 Nxb2+ 33.
Kxb5 Qc4+ 0-1

[Event "8th Arad Open 2015"]
[Site "Arad ROU"]
[Date "2015.08.12"]
[Round "9.12"]
[White "Druska, Juraj"]
[Black "Stoleriu , George"]
[Result "1-0"]
[WhiteElo "2456"]
[BlackElo "2275"]
[PlyCount "83"]
[EventDate "2015.08.06"]

1. e4 c6 2. c4 d5 3. cxd5 cxd5 4. exd5 Nf6 5. Nc3 Nxd5 6. Nf3 Nc6 7. Bb5 e6 8.
O-O Be7 9. d4 O-O 10. Re1 Bf6 11. Ne4 Bd7 12. Nxf6+ Nxf6 13. Bg5 h6 14. Bh4 a6
15. Ba4 b5 16. Bb3 Nb4 17. Ne5 g5 18. Bg3 a5 19. h4 Bc8 20. a3 Nbd5 21. Ng4
Nxg4 22. Qxg4 Bb7 23. Qh5 Kg7 24. Be5+ Kh7 25. Bg3 Kg7 26. Re5 Nf6 27. Qe2 Nd7
28. hxg5 hxg5 29. Qh5 Nxe5 30. Bxe5+ f6 31. Qxg5+ Kf7 32. Qh5+ Ke7 33. Qh7+ Ke8
34. Qxb7 fxe5 35. Qc6+ Kf7 36. Qxe6+ Kg7 37. Qg4+ Kh8 38. dxe5 Qd2 39. Qh4+ Kg7
40. Rd1 Qf4 41. Rd7+ Kg6 42. Bc2+ 1-0

[Event "I Open Iasi 2015"]
[Site "Iasi ROM"]
[Date "2015.06.01"]
[Round "4.13"]
[White "Kovchan, Alexander"]
[Black "Stoleriu , George"]
[Result "1-0"]
[WhiteElo "2585"]
[BlackElo "2182"]
[PlyCount "101"]
[EventDate "2015.05.29"]

1. e4 c6 2. d4 d5 3. Nc3 dxe4 4. Nxe4 Bf5 5. Ng3 Bg6 6. N1e2 e6 7. Nf4 Bd6 8.
Ngh5 Kf8 9. Qf3 Nf6 10. Nxf6 Qxf6 11. c3 Nd7 12. Be2 Nb6 13. c4 Bb4+ 14. Kf1
Be7 15. Be3 Kg8 16. Rc1 Rd8 17. g4 e5 18. g5 e4 19. gxf6 exf3 20. fxe7 fxe2+
21. Kxe2 Re8 22. d5 Rxe7 23. Rhd1 f6 24. d6 Rd7 25. Ne6 Nc8 26. Nc5 Rxd6 27.
Nxb7 Rxd1 28. Rxd1 h6 29. Na5 Kh7 30. Nxc6 Bh5+ 31. f3 a6 32. Rd7 Be8 33. Rc7
Nd6 34. Nd4 Bg6 35. Rc6 Nf7 36. Rxa6 Ne5 37. b3 Re8 38. Ra7 Nd3 39. Kd2 Ne5 40.
c5 Rd8 41. Ke2 Rc8 42. f4 Nf7 43. b4 Bh5+ 44. Kf2 g5 45. Nf5 Rb8 46. a3 Kg6 47.
Ne7+ Kg7 48. c6 Bg4 49. f5 Nd6 50. c7 Rb5 51. Bc5 1-0

[Event "I Open Iasi 2015"]
[Site "Iasi ROM"]
[Date "2015.06.04"]
[Round "7.14"]
[White "Stoleriu , George"]
[Black "Doncea, Vladimir"]
[Result "1-0"]
[WhiteElo "2182"]
[BlackElo "2425"]
[PlyCount "89"]
[EventDate "2015.05.29"]

1. e4 e5 2. Nf3 Nc6 3. Bb5 a6 4. Ba4 Nge7 5. O-O g6 6. d4 exd4 7. Nxd4 Bg7 8.
Nxc6 Nxc6 9. Bxc6 bxc6 10. c3 O-O 11. Be3 Re8 12. Nd2 Rb8 13. Qc2 d5 14. exd5
Qxd5 15. Nb3 Bf5 16. Qc1 Bg4 17. Bd4 Be2 18. Re1 Bc4 19. Bxg7 Kxg7 20. h3 Rxe1+
21. Qxe1 Bxb3 22. axb3 Rxb3 23. Rxa6 Rxb2 24. c4 Qd4 25. Rxc6 Rd2 26. Qe3 Rd1+
27. Kh2 Qxe3 28. fxe3 Rd7 29. Kg3 Re7 30. Kf4 h5 31. e4 Kf8 32. g4 hxg4 33.
hxg4 Rd7 34. g5 Re7 35. Rf6 Ke8 36. Rc6 Rd7 37. Ke5 Ke7 38. c5 Ke8 39. Kf6 Rd4
40. Rxc7 Rxe4 41. Rc8+ Kd7 42. Rf8 Rf4+ 43. Kg7 Rg4 44. Rxf7+ Ke8 45. c6 1-0

[Event "I Open Iasi 2015"]
[Site "Iasi ROM"]
[Date "2015.06.05"]
[Round "8.8"]
[White "Stoleriu , George"]
[Black "Parligras, Mircea Emilian"]
[Result "0-1"]
[WhiteElo "2182"]
[BlackElo "2581"]
[PlyCount "55"]
[EventDate "2015.05.29"]

1. e4 c5 2. Nc3 d6 3. Bb5+ Bd7 4. a4 g6 5. f4 Bg7 6. Nf3 Nc6 7. O-O a6 8. Bc4
e6 9. d3 Nge7 10. Qe1 Na5 11. Ba2 b5 12. Qh4 b4 13. Nd1 Nec6 14. Qg3 O-O 15. f5
exf5 16. Qxd6 fxe4 17. Bg5 Qc8 18. dxe4 c4 19. Ne3 Be6 20. Nd5 Qb8 21. Qc5 Qa7
22. Be3 Qxc5 23. Bxc5 b3 24. cxb3 cxb3 25. Bxf8 Rxf8 26. Bxb3 Nxb3 27. Rad1 Nc5
28. Ng5 0-1

[Event "Camp. rumeno 2015"]
[Site "Calimanesti ROM"]
[Date "2015.04.18"]
[Round "1"]
[White "Stoleriu , George"]
[Black "Petrisor, Adrian-Marian"]
[Result "0-1"]
[WhiteElo "2172"]
[BlackElo "2384"]
[PlyCount "114"]
[EventDate "2015.04.18"]
[EventRounds "9"]

1. f4 Nf6 2. b3 d6 3. Bb2 e5 4. fxe5 dxe5 5. e3 Bd6 6. Na3 O-O 7. Nc4 Nc6 8. g3
Be6 9. Bg2 Bd5 10. Bxd5 Nxd5 11. e4 Nf6 12. Qe2 Bc5 13. Nf3 Nd4 14. Nxd4 exd4
15. d3 Bb4+ 16. Nd2 c5 17. O-O Bxd2 18. Qxd2 Ng4 19. c3 Ne5 20. cxd4 cxd4 21.
Rad1 Qd7 22. Qa5 Rfe8 23. Qd5 Qg4 24. Bxd4 Rad8 25. Qxe5 Rxe5 26. Bxe5 Qe2 27.
Rfe1 Qxa2 28. d4 Qxb3 29. d5 h5 30. Rb1 Qa4 31. Rxb7 Re8 32. Bf4 Rxe4 33. Rxe4
Qxe4 34. Rb8+ Kh7 35. d6 Qd4+ 36. Kg2 Qd5+ 37. Kf2 g5 38. d7 Qxd7 39. Bxg5 Qf5+
40. Bf4 Qc2+ 41. Kg1 a5 42. Rb5 Qd1+ 43. Kf2 a4 44. Ra5 f6 45. h4 Kg6 46. Ra6
Kf5 47. Be3 Qc2+ 48. Kf3 Qe4+ 49. Kf2 Qc4 50. Ra7 Qa2+ 51. Kf3 a3 52. Ra5+ Kg6
53. Bd4 Qd2 54. Rxa3 Qxd4 55. Re3 Kf5 56. Re2 Qd3+ 57. Re3 Qf1# 0-1

[Event "Camp. rumeno 2015"]
[Site "Calimanesti ROM"]
[Date "2015.04.19"]
[Round "2"]
[White "Scripcaru, George Daniel"]
[Black "Stoleriu , George"]
[Result "0-1"]
[WhiteElo "2284"]
[BlackElo "2172"]
[PlyCount "98"]
[EventDate "2015.04.18"]
[EventRounds "9"]

1. e4 e6 2. d4 d5 3. Nd2 dxe4 4. Nxe4 Nd7 5. Nf3 Ngf6 6. Ng3 c5 7. Be2 Be7 8.
O-O O-O 9. c4 Qc7 10. b3 Rd8 11. Bb2 b6 12. Qc2 Bb7 13. Rad1 Nf8 14. Rd2 Ng6
15. dxc5 Qxc5 16. Bd4 Qc7 17. Rfd1 Rac8 18. Ng5 e5 19. Bc3 Rxd2 20. Rxd2 Rd8
21. Nf5 Bc5 22. b4 Bf8 23. c5 bxc5 24. b5 Rxd2 25. Qxd2 h6 26. Nf3 Ne4 27. Qb2
Nxc3 28. Qxc3 Qd7 29. Ne3 Nf4 30. Bc4 Bxf3 31. gxf3 Qh3 32. Qxe5 Qxf3 33. Qf5
Ne2+ 34. Kf1 Qxf5 35. Nxf5 Nc3 36. Ke1 g6 37. Ne3 Bd6 38. h3 Kg7 39. Nd5 Nxd5
40. Bxd5 f5 41. Kd2 Kf6 42. Kd3 Ke5 43. Bc6 g5 44. a4 g4 45. hxg4 fxg4 46. Kc4
Bc7 47. Bd7 Kf4 48. Kd3 Kf3 49. Kd2 Ba5+ 0-1

[Event "Camp. rumeno 2015"]
[Site "Calimanesti ROM"]
[Date "2015.04.21"]
[Round "4"]
[White "Florescu, Codrut-Constantin"]
[Black "Stoleriu , George"]
[Result "1-0"]
[WhiteElo "2249"]
[BlackElo "2172"]
[PlyCount "139"]
[EventDate "2015.04.18"]
[EventRounds "9"]

1. d4 Nf6 2. Nf3 e6 3. c4 Bb4+ 4. Nbd2 O-O 5. e3 d6 6. Qc2 Qe7 7. Bd3 e5 8. O-O
Bxd2 9. Nxd2 a5 10. b3 Nc6 11. dxe5 dxe5 12. a3 Bg4 13. Ne4 Nxe4 14. Bxe4 f5
15. Bd5+ Kh8 16. Bb2 Nd8 17. Qc3 c6 18. Bf3 Bxf3 19. gxf3 Qg5+ 20. Kh1 Qh5 21.
Qxe5 Qxf3+ 22. Kg1 Qg4+ 23. Qg3 Ne6 24. Rad1 Rad8 25. f3 Qg5 26. Qxg5 Nxg5 27.
Kf2 Kg8 28. Bd4 a4 29. Bc5 Rxd1 30. Rxd1 Ra8 31. b4 Ne6 32. Bb6 Nf8 33. Kg3 Kf7
34. Kf4 g6 35. Kg5 Re8 36. Rd6 Re5 37. Rd2 Ne6+ 38. Kh4 Nf8 39. Rd8 g5+ 40. Kh5
f4 41. e4 Ne6 42. Rd7+ Kf6 43. Bd8+ Nxd8 44. Rxd8 Re7 45. c5 Ke5 46. Kg4 Re6
47. Rf8 Rh6 48. Rf5+ Ke6 49. Rxg5 Rxh2 50. Kxf4 Ra2 51. Rh5 Rxa3 52. Rh6+ Kd7
53. Rxh7+ Kc8 54. e5 Ra1 55. e6 Re1 56. Rh8+ Kc7 57. Kf5 b6 58. cxb6+ Kxb6 59.
Ra8 Kb5 60. f4 Kxb4 61. Kf6 c5 62. e7 c4 63. e8=Q Rxe8 64. Rxe8 c3 65. Ke5 a3
66. Kd4 Kb3 67. Rb8+ Kc2 68. Ra8 Kb2 69. Rxa3 c2 70. Rc3 1-0

[Event "Camp. rumeno 2015"]
[Site "Calimanesti ROM"]
[Date "2015.04.22"]
[Round "5"]
[White "Stoleriu , George"]
[Black "Vrencian , Lehel"]
[Result "1-0"]
[WhiteElo "2172"]
[BlackElo "2158"]
[PlyCount "63"]
[EventDate "2015.04.18"]
[EventRounds "9"]

1. e4 c6 2. Nf3 d5 3. Nc3 a6 4. d4 Bg4 5. Bd3 e6 6. O-O Nf6 7. Be3 Be7 8. a3
O-O 9. h3 Bh5 10. e5 Nfd7 11. Ne2 Bxf3 12. gxf3 c5 13. c3 cxd4 14. cxd4 Nc6 15.
Kh1 Rc8 16. Rg1 g6 17. Bh6 Re8 18. Qd2 Nf8 19. Rg2 Na5 20. Rag1 Nc4 21. Qf4
Nxb2 22. Bb1 Nc4 23. Ng3 Qc7 24. Nh5 f5 25. Bxf8 Bxf8 26. Nf6+ Kf7 27. Nxh7
Nxa3 28. Rxg6 Ke7 29. Rxe6+ Kxe6 30. Qxf5+ Ke7 31. Qf6+ Kd7 32. Bf5+ 1-0

[Event "Camp. rumeno 2015"]
[Site "Calimanesti ROM"]
[Date "2015.04.23"]
[Round "6"]
[White "Banzea, Alexandru Bogdan"]
[Black "Stoleriu , George"]
[Result "1/2-1/2"]
[WhiteElo "2151"]
[BlackElo "2172"]
[PlyCount "100"]
[EventDate "2015.04.18"]
[EventRounds "9"]

1. e4 e6 2. d4 d5 3. Nd2 dxe4 4. Nxe4 Nd7 5. Nf3 Ngf6 6. Bd3 Nxe4 7. Bxe4 Nf6
8. Bg5 Be7 9. Bxf6 Bxf6 10. Qd3 c6 11. O-O-O Qa5 12. Kb1 g6 13. h4 Bg7 14. Qe3
h5 15. c4 Qb4 16. c5 Qa5 17. Ne5 Qc7 18. f4 Bd7 19. Qf3 Qd8 20. Nc4 Bf8 21. g4
hxg4 22. Qxg4 Qf6 23. Ne5 O-O-O 24. Qg5 Qg7 25. Qg2 Qf6 26. Rh3 Kc7 27. Ra3 Ra8
28. Nxd7 Kxd7 29. d5 exd5 30. Bxd5 Bxc5 31. Bxc6+ Ke7 32. Re1+ Kf8 33. Bxb7
Bxa3 34. Bxa8 Kg7 35. Bd5 Bb4 36. Re4 Qxh4 37. f5 Qh1+ 38. Qxh1 Rxh1+ 39. Kc2
Rh2+ 40. Kb3 Bc5 41. fxg6 fxg6 42. Rg4 Kf6 43. Rg2 Rxg2 44. Bxg2 Bd4 45. Ka3
Ke5 46. b4 g5 47. Ka4 g4 48. Kb5 g3 49. Ka6 Kf4 50. a4 Ke3 1/2-1/2

[Event "Camp. rumeno 2015"]
[Site "Calimanesti ROM"]
[Date "2015.04.25"]
[Round "8"]
[White "Secheres, Adrian Simion"]
[Black "Stoleriu , George"]
[Result "1-0"]
[WhiteElo "2247"]
[BlackElo "2172"]
[PlyCount "95"]
[EventDate "2015.04.18"]
[EventRounds "9"]

1. d4 f5 2. g3 g6 3. Bg2 Nf6 4. Nf3 Bg7 5. O-O O-O 6. b3 d6 7. Bb2 c6 8. Nbd2
Nbd7 9. Ng5 Nb6 10. c4 Qe8 11. Re1 h6 12. Ngf3 g5 13. e4 fxe4 14. Nxe4 Nxe4 15.
Rxe4 Bf5 16. Re3 Qf7 17. Qe2 Rae8 18. Re1 Nc8 19. Nd2 h5 20. Be4 g4 21. f4 d5
22. cxd5 cxd5 23. Bg2 Rd8 24. Kh1 e6 25. Qb5 Qd7 26. Qb4 Ne7 27. Nf1 Nc6 28.
Qd2 h4 29. gxh4 Bh6 30. Qf2 Qc7 31. Ng3 Bxf4 32. R3e2 Bh6 33. Nxf5 exf5 34. Ba3
Rf7 35. Re8+ Kh7 36. Rxd8 Qxd8 37. Qg3 Qd7 38. Qd3 Kg7 39. h5 a6 40. h3 Rf6 41.
Qe2 Qc7 42. Qe8 Qg3 43. Bf8+ Kh7 44. Re7+ Nxe7 45. Qxe7+ Rf7 46. Qxf7+ Kh8 47.
Qf6+ Kh7 48. Qxh6+ 1-0

[Event "Camp. rumeno 2015"]
[Site "Calimanesti ROM"]
[Date "2015.04.26"]
[Round "9"]
[White "Stoleriu , George"]
[Black "Chifor, Ovidiu-Emanuel"]
[Result "1/2-1/2"]
[WhiteElo "2172"]
[BlackElo "2261"]
[PlyCount "48"]
[EventDate "2015.04.18"]
[EventRounds "9"]

1. e4 e5 2. Nf3 Nc6 3. Bb5 a6 4. Ba4 Nf6 5. d3 b5 6. Bb3 Be7 7. O-O d6 8. c3
Na5 9. Bc2 c5 10. Re1 Nc6 11. Nbd2 O-O 12. Nf1 Be6 13. Ng3 Nd7 14. h3 Re8 15.
Nh2 Bg5 16. Be3 d5 17. exd5 Bxd5 18. Qh5 Bxe3 19. fxe3 Nf6 20. Qg5 h6 21. Qh4
Ne7 22. Nh5 Nxh5 23. Qxh5 Ng6 24. Ng4 Qg5 1/2-1/2

[Event "Campionatul  National de sah pentru cop"]
[Site "Calimanesti-Caciulata"]
[Date "2015.03.30"]
[Round "1.1"]
[White "Schneider, Erik"]
[Black "Stoleriu , George"]
[Result "1/2-1/2"]
[WhiteElo "1620"]
[BlackElo "2104"]
[PlyCount "81"]
[EventDate "2015.03.30"]
[EventRounds "7"]

1. e4 c6 2. d4 d5 3. Nc3 dxe4 4. Nxe4 Bf5 5. Ng3 Bg6 6. N1e2 e6 7. Nf4 Be7 8.
Bc4 Bf6 9. c3 Ne7 10. Nxg6 hxg6 11. Ne4 Nf5 12. Bf4 g5 13. Be5 Nd7 14. Bxf6
gxf6 15. Qb3 Rh4 16. f3 Ne3 17. Kf2 Nxc4 18. Qxc4 Qc7 19. g3 Rh7 20. Rad1 O-O-O
21. Qa4 Kb8 22. Kg2 Rdh8 23. Qb4 Rh5 24. Qe7 Qd8 25. Qxf7 f5 26. Nc5 Nxc5 27.
dxc5 Qxd1 28. Rxd1 Rxh2+ 29. Kf1 Rh1+ 30. Ke2 R8h2+ 31. Ke3 Rxd1 32. Qe8+ Kc7
33. Qe7+ Rd7 34. Qxg5 Rxb2 35. g4 fxg4 36. fxg4 Rxa2 37. Qe5+ Kd8 38. g5 Ra1
39. Qh8+ Ke7 40. g6 Re1+ 41. Kf2 1/2-1/2

[Event "Campionatul  National de sah pentru cop"]
[Site "Calimanesti-Caciulata"]
[Date "2015.03.31"]
[Round "2.13"]
[White "Stoleriu , George"]
[Black "Miloi, Pavel-Dan"]
[Result "1-0"]
[WhiteElo "2104"]
[BlackElo "1547"]
[PlyCount "31"]
[EventDate "2015.03.30"]
[EventRounds "7"]

1. e4 c5 2. Nc3 Nc6 3. Bb5 Nd4 4. Bc4 g6 5. Nf3 Bg7 6. Nxd4 cxd4 7. Qf3 e6 8.
Nb5 d6 9. Qa3 Ke7 10. c3 dxc3 11. dxc3 e5 12. Be3 b6 13. O-O-O Be6 14. Rxd6
Bxc4 15. Rxd8+ Kxd8 16. Qd6+ 1-0